000 00581nam a2200205Ia 4500
005 20250508165534.0
008 008 250505s9999 xx 000 0 eng d
020 _a978-81-7541-295-8
037 _aTextBook
040 _aFEDL
_beng
_cFEDL
041 _aeng
_2eng
084 _a371.39, AGR/R
_qFEDL
100 _aAgrawal Rashmi
245 0 _aEducational technology management and evaluation
260 _aNew Delhi, India
_bShipra Publications
_c2010
300 _ax, 438p.
365 _aINR
_b950
942 _cTB
_h371.39, AGR/R
999 _c1395736
_d1395736